La problemática de los plaguicidas en el sector agronómico /
Bewaard in:
| Hoofdauteur: | |
|---|---|
| Formaat: | Texto |
| Onderwerpen: | |
| Tags: |
Voeg label toe
Geen labels, Wees de eerste die dit record labelt!
|
MARC
| LEADER | 00000 a a2200000 04500 | ||
|---|---|---|---|
| 001 | 47589 | ||
| 003 | |||
| 040 | |||
| 090 | |a REV0857 7 (20) 1981 | ||
| 100 | |a Benzekri Barbier, Pierre Thami | ||
| 245 | |a La problemática de los plaguicidas en el sector agronómico / |c Pierre Thami Benzekri Barbier | ||
| 650 | |a PLAGUICIDAS | ||
| 650 | |a SECTOR AGROPECUARIO | ||
| 650 | |a DETERIORO AMBIENTAL | ||
| 650 | |a ASPECTOS SOCIALES | ||
| 773 | |g volumen7, número20, setiembre-diciembre (1981) | ||
| 999 | |c 27473 |d 27473 | ||
